Fr. Conceicao Rodrigues College of Engineering

Fundamentals of Strength of Materials (Record no. 28366)

MARC details
000 -LEADER
fixed length control field 00295nam a2200133Ia 4500
100 ## - MAIN ENTRY--PERSONAL NAME
Personal name Walavalkar/ Y.N.
245 ## - TITLE STATEMENT
Title Fundamentals of Strength of Materials
260 ## - PUBLICATION, DISTRIBUTION, ETC.
Name of publisher, distributor, etc. Everest Pub
Place of publication, distribution, etc. New Jersey
Date of publication, distribution, etc. 1993
300 ## - PHYSICAL DESCRIPTION
Extent 386
546 ## - LANGUAGE NOTE
Language note ENGLISH
654 ## - SUBJECT ADDED ENTRY--FACETED TOPICAL TERMS
Focus term radio
942 ## - ADDED ENTRY ELEMENTS (KOHA)
Koha item type BOOK
Holdings
Withdrawn status Lost status Damaged status Not for loan Collection Home library Current library Date acquired Total Checkouts Full call number Barcode Date last seen Price effective from Koha item type
        CRC Fr. Agnel's C.Rodrigues College of Engineering Fr. Agnel's C.Rodrigues College of Engineering 17/03/2023   12533 17/03/2023 17/03/2023 BOOK
        CRC Fr. Agnel's C.Rodrigues College of Engineering Fr. Agnel's C.Rodrigues College of Engineering 17/03/2023   12534 17/03/2023 17/03/2023 BOOK
        CRC Fr. Agnel's C.Rodrigues College of Engineering Fr. Agnel's C.Rodrigues College of Engineering 17/03/2023   12535 17/03/2023 17/03/2023 BOOK